| 000 | 00572cai a22001815a 4500 | ||
|---|---|---|---|
| 001 | L157891 | ||
| 008 | 130625u2013 xxk g 000 0 eng d | ||
| 035 | _a(Sirsi) u157891 | ||
| 041 | 0 | _aeng | |
| 100 | _aCooper, Stewart | ||
| 245 | 0 | 0 | _aWeathering the storm |
| 260 |
_aRICS _c2013 |
||
| 650 | 2 | 4 | _aFLOODING |
| 651 | 4 |
_aUnited Kingdom _y |
|
| 690 | _aFLooding, climate change | ||
| 856 | 4 | 0 |
_uhttps://www.rics.org/uk/knowledge/journals/building-surveying-journal/building-surveying-journal-may-june-2013/ _zView the report free of charge at www.rics.org. |
| 942 | _n0 | ||
| 999 |
_c121004 _d121004 |
||